000 00523nas a2200205 a 4500
001 36835
003 104363
005 20201118101314.0
008 ||||||n9999 ||| || ||
041 _aspa
245 0 _aCoyuntura Económica - Vol.1 No.4
260 _aBogotá :
_bFEDES,
_c1971.
562 _e1
650 _aCOLOMBIA
650 _aCOMPORTAMIENTO ECONOMICO
650 _aECONOMÍA--ESTADÍSTICA MATEMÁTICA
650 _aSECTORES ECONÓMICOS
773 _017193
_aCoyuntura Económica
942 _cSISS
999 _c36835
_d36835